000
00298nam a2200133Ia 4500
008
230818s1994 xx 000 0 und d
041
_a
eng
100
_a
Coward
245
_a
Wedding cakea
260
_b
New Holland Pub.
_c
1994
300
_a
80p
520
_a
General
999
_c
852027
_d
852027
650
_a
Food Production